[Lupa corporativa] [Objecte] : Diputació Barcelona, xarxa de municipis Diputació Barcelona, xarxa de municipis
Descripción Física:
6 x 10 cm
MARC
| LEADER | 00000nam a2200000Ia 4500 | ||
|---|---|---|---|
| 001 | 20012 | ||
| 008 | 160829s9999 xx 000 0 cat d | ||
| 080 | |a NBM-1-9 | ||
| 110 | 1 | |a Barcelona (Catalunya : Província). |b Diputació |9 52408 | |
| 245 | |a [Lupa corporativa] [Objecte] : |b Diputació Barcelona, xarxa de municipis | ||
| 260 | |a Barcelona : |b la Diputació, [2007?] | ||
| 300 | |a 6 x 10 cm | ||
| 901 | |a Arxiu | ||
| 942 | |n 1 | ||
| 952 | |0 0 |1 0 |4 0 |6 NBM19 |7 1 |9 51868 |a Arxiu |b Arxiu |d 2016-12-01 |l 0 |o NBM-1-9 |p 20012 |r 2016-12-01 00:00:00 |w 2016-12-01 |y ARXIU | ||
| 999 | |c 55714 |d 55714 | ||